000 01133nam a2200277 a 4500
001 BRCA_3374
005 20190320204241.0
041 _aeng
044 _aenk
084 _a663
_b.N54
_c1900
100 1 _aCervantes Saavedra, Miguel de
_d1547-1616
_9213
245 1 0 _aThe Adventures of Don Quixote de la Mancha
_cTranslated from the Spanish by Charles Jarvis.
260 _aLondres
_bW. Nicholson and Sons
_c1900
300 _a1 v. en 2 partes (415 p.)
_bil.
_c19 cm.
500 _aCompendio de la traducción de Jarvis por autor anónimo. Reimpresión de la edición publicada por los mismos editores, hacia 1880. Tela; cubierta decorada con un asunto quijotil Lúdovik Osterc
500 _aQM1370
546 _aTexto en : inglés
650 1 4 _aNovela española
_yÉpoca clásica, 1500-1700
_9215
650 1 4 _aLiteratura española
_yÉpoca clásica, 1500-1700
_9216
650 1 4 _aNovela española
_ySiglo XVII
_9217
650 1 4 _aDon Quijote (Personaje ficticio)
_eNovela
_9218
700 1 _aJarvis, Charles
_d?-1739
_eTraductor
_98882
740 0 _aEl Ingenioso Hidalgo Don Quijote de la Mancha
902 _aQFM
942 _2lcc
_cB
999 _c3110
_d3110